000 00888cam a2200277 a 4500
999 _c4997
_d4997
001 16374436
003 GZU
005 20210325150326.0
008 100804s2011 caua b 001 0 eng
010 _a 2010934116
020 _a9781848606869
040 _aDLC
_cDLC
042 _apcc
050 0 0 _aRC489.C63
_bWES 2011
100 1 _aWestbrook, David.
_eauthor
245 1 3 _aAn introduction to cognitive behaviour therapy :
_bskills and applications /
_cDavid Westbrook, Helen Kennerley and Joan Kirk.
250 _a2nd ed.
260 _aLos Angeles :
_bSAGE,
_c2011.
300 _a435 p. :
_bill. ;
_c24 cm.
504 _aIncludes bibliographical references and index.
650 0 _aCognitive therapy.
700 1 _aKennerley, Helen.
_eauthor
700 1 _aKirk, Joan.
_eauthor
906 _a7
_bcbc
_corigcop
_d2
_eepcn
_f20
_gy-gencatlg
942 _2lcc
_cBK
_e2nd ed.
_h489.C63
_iWES
_kRC